<?xml version="1.0" encoding="UTF-8"?>
<record
    xmlns:xsi="http://www.w3.org/2001/XMLSchema-instance"
    xsi:schemaLocation="http://www.loc.gov/MARC21/slim http://www.loc.gov/standards/marcxml/schema/MARC21slim.xsd"
    xmlns="http://www.loc.gov/MARC21/slim">

  <leader>00534nam a22001817a 4500</leader>
  <datafield tag="999" ind1=" " ind2=" ">
    <subfield code="c">172589</subfield>
    <subfield code="d">172589</subfield>
  </datafield>
  <controlfield tag="005">20200207141550.0</controlfield>
  <datafield tag="010" ind1=" " ind2=" ">
    <subfield code="a">A-688392</subfield>
  </datafield>
  <datafield tag="035" ind1=" " ind2=" ">
    <subfield code="a">A-688392</subfield>
  </datafield>
  <datafield tag="037" ind1=" " ind2=" ">
    <subfield code="b">BPPD/Pub.</subfield>
  </datafield>
  <datafield tag="082" ind1=" " ind2=" ">
    <subfield code="a">842</subfield>
  </datafield>
  <datafield tag="100" ind1=" " ind2=" ">
    <subfield code="a">&#x648;&#x632;&#x6CC;&#x631; &#x622;&#x63A;&#x627;</subfield>
  </datafield>
  <datafield tag="245" ind1=" " ind2=" ">
    <subfield code="a">&#x62F;&#x633;&#x62A;&#x6A9; &#x627;&#x633; &#x62F;&#x631;&#x648;&#x627;&#x632;&#x6D2; &#x67E;&#x631; /</subfield>
    <subfield code="c">&#x648;&#x632;&#x6CC;&#x631; &#x622;&#x63A;&#x627;</subfield>
  </datafield>
  <datafield tag="246" ind1=" " ind2=" ">
    <subfield code="a">Dastak Uss Darwaze Par (Urdu) /</subfield>
    <subfield code="b">by Wazir Aagha</subfield>
  </datafield>
  <datafield tag="260" ind1=" " ind2=" ">
    <subfield code="a">New Delhi</subfield>
    <subfield code="b">Maktaba Jamia</subfield>
    <subfield code="c">1993 &#x621;</subfield>
  </datafield>
  <datafield tag="270" ind1=" " ind2=" ">
    <subfield code="a">Jamia Nagar</subfield>
    <subfield code="b">New Delhi</subfield>
    <subfield code="e">110025</subfield>
  </datafield>
  <datafield tag="300" ind1=" " ind2=" ">
    <subfield code="a">184p.</subfield>
    <subfield code="c">21cm(Hb)</subfield>
  </datafield>
  <datafield tag="942" ind1=" " ind2=" ">
    <subfield code="2">ddc</subfield>
    <subfield code="c">UR</subfield>
    <subfield code="h">842</subfield>
    <subfield code="m">&#x648; &#x632; &#x6CC;</subfield>
  </datafield>
  <datafield tag="952" ind1=" " ind2=" ">
    <subfield code="0">0</subfield>
    <subfield code="1">0</subfield>
    <subfield code="4">0</subfield>
    <subfield code="7">0</subfield>
    <subfield code="8">NFIC</subfield>
    <subfield code="a">L</subfield>
    <subfield code="b">L</subfield>
    <subfield code="d">2020-02-07</subfield>
    <subfield code="e">BPPD/Ven.</subfield>
    <subfield code="l">0</subfield>
    <subfield code="o">842 &#x648; &#x632; &#x6CC;</subfield>
    <subfield code="p">A-688392</subfield>
    <subfield code="r">2020-02-07 00:00:00</subfield>
    <subfield code="t">1</subfield>
    <subfield code="w">2020-02-07</subfield>
    <subfield code="y">UR</subfield>
  </datafield>
</record>
